<?xml version="1.0" encoding="UTF-8"?><?xml-stylesheet type="text/xsl" href="static/style.xsl"?><OAI-PMH xmlns="http://www.openarchives.org/OAI/2.0/" xmlns:xsi="http://www.w3.org/2001/XMLSchema-instance" xsi:schemaLocation="http://www.openarchives.org/OAI/2.0/ http://www.openarchives.org/OAI/2.0/OAI-PMH.xsd"><responseDate>2026-04-17T05:21:27Z</responseDate><request verb="GetRecord" identifier="oai:www.recercat.cat:10459.1/64412" metadataPrefix="marc">https://recercat.cat/oai/request</request><GetRecord><record><header><identifier>oai:recercat.cat:10459.1/64412</identifier><datestamp>2025-11-10T19:09:20Z</datestamp><setSpec>com_2072_3622</setSpec><setSpec>col_2072_479130</setSpec></header><metadata><record xmlns="http://www.loc.gov/MARC21/slim" xmlns:dcterms="http://purl.org/dc/terms/" xmlns:xsi="http://www.w3.org/2001/XMLSchema-instance" xmlns:doc="http://www.lyncode.com/xoai" xsi:schemaLocation="http://www.loc.gov/MARC21/slim http://www.loc.gov/standards/marcxml/schema/MARC21slim.xsd">
   <leader>00925njm 22002777a 4500</leader>
   <datafield ind2=" " ind1=" " tag="042">
      <subfield code="a">dc</subfield>
   </datafield>
   <datafield ind2=" " ind1=" " tag="720">
      <subfield code="a">Artigues-Barberà, Eva</subfield>
      <subfield code="e">author</subfield>
   </datafield>
   <datafield ind2=" " ind1=" " tag="260">
      <subfield code="c">2017-09-18T12:01:22Z</subfield>
   </datafield>
   <datafield ind2=" " ind1=" " tag="260">
      <subfield code="c">2018-05-26T02:00:28Z</subfield>
   </datafield>
   <datafield ind2=" " ind1=" " tag="260">
      <subfield code="c">2017-05-26</subfield>
   </datafield>
   <datafield ind2=" " ind1=" " tag="520">
      <subfield code="a">INTRODUCCIÓ. El temps del pacient en demora prehospitalària (TPDPH) és llarg. Entre reconeixement de síndrome coronària aguda (SCA) i decisió interactuen diversos factors. OBJECTIUS. Descriure percepció de risc de SCA, analitzar comportaments poblacionals, impacte del Codi infart i factors influents en TPDPH. MÉTODES. Estudi transversal. Qüestionari a població adscrita a l'ABS-Lleida-4 amb variables sociodemogràfiques, factors, percepció, coneixements, habilitats i actituds sobre SCA. RESULTATS. 539 entrevistas. 66,0% sabien factors predisponents de SCA, 58,3% protectors, 32,9% tenien algún risc. 54,7% creien poder protegir-se de SCA, 39,9% ho feien. 57,9% identificaven dolor en SCA. 80,3% discriminaven símptomes típics. 67,0% trucariem a emergències. 92,9% desconeixien la campanya Codi infart. 38,4% tindrien compartiment adequat al missatge transmès. Els factors de demora en TPDPH serien viure sol, sense mòbil, desconèixer simptomes de SCA i factors predisponents. CONCLUSIONS. Baix reconeixement del risc. Dificultats per a resoldre amb èxit una SCA. Baix impacte del Codi infant. Els factors influents en TPDPH serien cognitius.</subfield>
   </datafield>
   <datafield ind2=" " ind1=" " tag="520">
      <subfield code="a">INTRODUCCIÓN. El tiempo del paciente en demora prehospitalaria (TPDPH) es largo. Entre reconocimiento de síndrome coronaria agudo (SCA) y decisión interactúan diversos factores. OBJETIVOS. Describir percepción de riesgo de SCA, analizar comportamientos poblacionales, impacto del Codi infanrt y factores influyentes en TPDPH. MÉTODOS. Estudio transversal. Cuestionario a población adscrita al ABS-Lleida-4 con variables sociodemográficas, factores, percepción, conocimientos, habilidades y actitudes sobre SCA. RESULTADOS. 539 entrevistados. 66,0% sabían  factores predisponentes de SCA, 58,3% protectores, 32,9% tenían algún riesgo. 54,7% creían poder protegerse de SCA, 39,9% lo hacían. 57,9% identificaban dolor en SCA. 80,3% discriminaban síntomas típicos. 67,0% llamarían a emergencias. 92,9% desconocian la campaña Codi infart. 38,4% tendrían comportamiento adecuado al mensaje transmitido.  Los factores de demora en TPDPH serian vivir solo, sin móvil, desconocer síntomas de SCA y factores predisponentes. CONCLUSIONES.  Bajo reconocimiento del riesgo. Dificultades para resolver con éxito un SCA. Bajo impacto del Codi infart. Los factores influyentes en TPDPH serían cognitivos.</subfield>
   </datafield>
   <datafield ind2=" " ind1=" " tag="520">
      <subfield code="a">BACKGROUND. Pre-hospital delay in patients (PDP) is long. Different factors interact in the recognition of acute coronary syndrome (ACS). OBJECTIVE. To describe the perception of ACS risk, to analyze population's behavior, impact of Codi Infart and associated factors with PDP. METHODS. A cross-sectional study. Population questionnaire assigned to ABS-Lleida-4 recording socio-demographic characteristics, factors, perception, knowledge, abilities and attitudes of ACS. RESULTS. 539 interviewed. 66,0% knew predisposing factors of ACS, 58,3% protector, 32,9% had some risk. 54,7% could protect themselves from ACS, 39,9% did it. 57,9% identified chest pain in ACS. 80,3% distinguished typical symptom of ACS. 67,0% would call emergencies. 92,9% did not hear about Codi Infart. 38,4% would be proper behavior in the message transmitted. Live alone, not having mobile, not knowing the symptoms of ACS and predicted factors were delay factors of PDP. CONCLUSIONS. Low risk's recognition. Difficulties to successfully solve an ACS. Low impact of Codi Infart campaign. Associated factors in PDP were cognitive.</subfield>
   </datafield>
   <datafield tag="653" ind2=" " ind1=" ">
      <subfield code="a">Síndrome coronària aguda</subfield>
   </datafield>
   <datafield tag="653" ind2=" " ind1=" ">
      <subfield code="a">Temps del pacient en la demora prehospitalària</subfield>
   </datafield>
   <datafield tag="653" ind2=" " ind1=" ">
      <subfield code="a">Comportament poblacional</subfield>
   </datafield>
   <datafield tag="653" ind2=" " ind1=" ">
      <subfield code="a">Síndrome coronario agudo</subfield>
   </datafield>
   <datafield tag="653" ind2=" " ind1=" ">
      <subfield code="a">Tiempo del paciente en la demora prehospitalaria</subfield>
   </datafield>
   <datafield tag="653" ind2=" " ind1=" ">
      <subfield code="a">Comportamiento poblacional</subfield>
   </datafield>
   <datafield tag="653" ind2=" " ind1=" ">
      <subfield code="a">Acute coronary syndrome</subfield>
   </datafield>
   <datafield tag="653" ind2=" " ind1=" ">
      <subfield code="a">Pre-hospital delay in patients</subfield>
   </datafield>
   <datafield tag="653" ind2=" " ind1=" ">
      <subfield code="a">Population behavior</subfield>
   </datafield>
   <datafield tag="653" ind2=" " ind1=" ">
      <subfield code="a">Infermeria</subfield>
   </datafield>
   <datafield tag="653" ind2=" " ind1=" ">
      <subfield code="a">616.1</subfield>
   </datafield>
   <datafield ind2="0" ind1="0" tag="245">
      <subfield code="a">Estudio del nivel de reconocimiento y previsión de respuesta poblacional ante el síndrome coronario agudo</subfield>
   </datafield>
</record></metadata></record></GetRecord></OAI-PMH>